Depozícia polymérnych štruktúr na flexibilné nosiče

Salvato in:
Dettagli Bibliografici
Autore principale: Čelko, Ján, 1959-
Natura: Libro
Lingua:slovacco
Pubblicazione: Bratislava STU FCHPT 2011
Accesso online:Visualizza in OPAC
Tags: Aggiungi Tag
Nessun Tag, puoi essere il primo ad aggiungerne!!

MARC

LEADER 00000nam a2200000 a 4500
005 20260127133931.0
008 110629 2011 xo 000 0 slo d
035 |a vtls010289390 
039 9 |y 201106290954  |z mschk03 
040 |a STUSCHK1  |b slo  |c STUSCHK1  |e AACR2 
100 1 |a Čelko, Ján,  |d 1959-  |9 873 
245 1 |a Depozícia polymérnych štruktúr na flexibilné nosiče  |c Ján Čelko 
260 |a Bratislava  |b STU FCHPT  |c 2011 
300 |a 68 s.  |b il.  |c 30cm 
500 |a Obháj.: 9.6. 2011 
500 |a Študijný program: prírodné a syntetické polyméry 
500 |a Študijný odbor: 5.2.18 chemické technológie 
500 |a Miesto vypracovania: Oddelenie polygrafie a aplikovanej fotochémie, FCHPT STU 
500 |a Evidenčné číslo: FCHPT-13576-22091 
910 |a SCHK95 
999 |c 368  |d 368